UM Logo

Accounting principles 2: (Record no. 3006)

MARC details
000 -LEADER
fixed length control field 00567nam a22001817a 4500
008 - FIXED-LENGTH DATA ELEMENTS--GENERAL INFORMATION
fixed length control field 160604b xxu||||| |||| 00| 0 eng d
020 ## - INTERNATIONAL STANDARD BOOK NUMBER
International Standard Book Number 971086274x
082 ## - DEWEY DECIMAL CLASSIFICATION NUMBER
Edition number 2002
Classification number DFil 657.076
Item number Ar3
100 ## - MAIN ENTRY--PERSONAL NAME
9 (RLIN) 10033
Personal name Arganda, Amelia M.
245 ## - TITLE STATEMENT
Title Accounting principles 2:
Remainder of title workbook/
Statement of responsibility, etc. Amelia M. Arganda
250 ## - EDITION STATEMENT
Edition statement Third Edition
260 ## - PUBLICATION, DISTRIBUTION, ETC. (IMPRINT)
Place of publication, distribution, etc. Mandaluyong City:
Name of publisher, distributor, etc. National Book Store,
Date of publication, distribution, etc. c2002.
300 ## - PHYSICAL DESCRIPTION
Extent viii, 142 pages:
Other physical details illustration;
Dimensions 26 cm.
650 #0 - SUBJECT ADDED ENTRY--TOPICAL TERM
9 (RLIN) 10037
Topical term or geographic name as entry element Accounting
700 ## - ADDED ENTRY--PERSONAL NAME
9 (RLIN) 10039
Personal name Herrero, Carmen C.
365 ## - TRADE PRICE
Price amount 195.00
Currency code Php.
942 ## - ADDED ENTRY ELEMENTS (KOHA)
Source of classification or shelving scheme Dewey Decimal Classification
Koha item type Filipiniana
Holdings
Withdrawn status Lost status Source of classification or shelving scheme Damaged status Not for loan Collection code Home library Current library Date acquired Source of acquisition Total Checkouts Full call number Barcode Date last seen Cost, replacement price Price effective from Koha item type
    Dewey Decimal Classification     Filipiniana UM Digos College - LIC UM Digos College - LIC 07/02/2004 Purchased   DFil 657.076 Ar3 2002 17385 05/15/2025 195.00 06/04/2016 Filipiniana